| 000 | 00756nam a22002177a 4500 | ||
|---|---|---|---|
| 005 | 20230310052704.0 | ||
| 008 | 230310b |||||||| |||| 00| 0 eng d | ||
| 020 | _a978-1-138-63497-8 | ||
| 082 | _a401.93 Un23 2019 | ||
| 100 |
_aChanturia, Anna S. _eeditor |
||
| 245 |
_aUnderstanding formulaic language: _ba second language acquisition perspective / _cedited by Anna Siyanosa-Sanchez, Ana Pellicer-Sanchez |
||
| 260 |
_aNew York: _bRoutledge, _cc2019. |
||
| 300 | _axii, 277p. | ||
| 490 | _aSecond language acquisition research series | ||
| 504 | _aIncludes index | ||
| 541 | _e6484 | ||
| 650 | _aSecond language acquisition | ||
| 650 | _aLinguistic analysis (Linguistics) | ||
| 650 | _aLinguistic models | ||
| 700 |
_aSanchez, Ana P. _eeditor |
||
| 999 |
_c1708 _d1708 |
||